| 000 | 00448nab a2200145Ia 4500 | ||
|---|---|---|---|
| 003 | ES-SlBCS | ||
| 005 | 20210601134752.0 | ||
| 008 | 140529s1966 xxu||||| |||| 00| 0 spa d | ||
| 041 | _aspa | ||
| 100 | 1 |
_aBaget Bozzo, Giovanni _9199722 |
|
| 245 | 0 | 0 |
_aTomismo e filosofia della storia _c Giovanni Baget Bozzo |
| 650 | 0 | 4 |
_aTomismo-Filosofía de la Historia _9222891 |
| 773 | 0 |
_tAquinas _gvol. 9, nº. 1-2-3, 1966, págs. 103-114 _wRev52 |
|
| 942 | _cAR | ||
| 999 |
_c617576 _d617576 |
||